000 00639cam a22002412 4500
001 0000009280
003 OSt
005 20221027153558.0
008 080921s xx 000 0 eng d
020 _a8120346925
040 _aKABU
_cKABU
050 0 _aHQ767.9
_b.B47 C.1
100 1 _aBerk, Laura E.
245 1 0 _aChild development.
250 _a9th ed.
260 _aBoston :
_bPearson Educ.,
300 _a1 vol(various paging)
650 0 _aChild development.
908 _a080921
942 _2lcc
_cBK
999 _c19710
_d19709